000 00441nam a2200181Ia 4500
001 9187
005 20260306160705.0
008 260306t1973||||xx |||||||||||||| ||spa||
041 _aESP
082 _a375
_bM61T
110 _aMinisterio de Educación del Perú
245 0 _aTeoría, doctrina y técnica curricular
260 _c1973
300 _a81 páginas :
_c21 cm.
650 _aGEN
654 _aCED
942 _cLIB
_dJUS
_fJUS
_2ddc
_n
999 _c9187
_d9187